000 00199 a2200109 4500
020 _a9780618227747
041 _aspa
100 _aTomie DePaola
245 _aComo Dicen
942 _cBK
952 _71
999 _c18397
_d18397